Statistics for Top 50 NA TF2 Players Of All Time

Click here to take the quiz!

General Stats

  • This quiz has been taken 112 times
  • The average score is 19 of 50

Answer Stats

HintAnswerClass% Correct
1b4nnyscout/soldier/demo
93%
3clockworkscout
83%
2habibdemo
79%
5blazesoldier
76%
6arekkscout
72%
4yompsscout/soldier
72%
7shademedic
69%
10jayscout/soldier
52%
11harbleusoldier/medic
48%
16duwatnademo
45%
24paddiescout/soldier
45%
23Bdonskidemo
41%
19botmodescout/soldier/demo
41%
9platinumsoldier/demo
41%
33skeezmedic
41%
41lolguymedic
38%
28ma3lasoldier
38%
21marmaloosoldier
38%
40nurseymedic
38%
15ashscout/soldier
34%
29cookiejakemedic
34%
14enigmascout
34%
17lazsoldier
34%
20ruwinscout/medic
34%
18seagullsoldier/demo
34%
13slemnishscout/sniper
34%
22yz50scout
34%
8lanskysoldier
31%
46aimsoldier
28%
42branslamscout/demo
28%
34corsascout/sniper
28%
38cyzerscout
28%
50enorytsoldier
28%
31phoroformedic
28%
32randosoldier
28%
37sighguysoldier/demo
28%
25shruggerscout
24%
12TLRsoldier
24%
26yightscout/demo
24%
43zillysoldier/medic
24%
48artistdemo
21%
49carnagescout/sniper
21%
27Freestatescout
21%
30garbugliosoldier
21%
47reptilesoldier/demo/medic
21%
36alfascout/soldier/demo/medic/sniper
17%
44dummydemo
17%
35highfivescout/soldier/demo
14%
45PYYYOURdemo/medic
14%
39squidscout
14%

Score Distribution

Percentile by Number Answered

Percent of People with Each Score

Your Score History

You have not taken this quiz